[Event "Open"]
[Site "Dubai UAE"]
[Date "2002.04.17"]
[Round "3"]
[White "Chahrani,I"]
[Black "Volkov,S"]
[Result "0-1"]
[WhiteElo "2312"]
[BlackElo "2567"]

1.e4 e6 2.d4 d5 3.Nc3 Nf6 4.e5 Nfd7 5.Nce2 c5 6.c3 Nc6 7.f4 a5 8.Nf3 a4 9.g4 a3
10.b3 cxd4 11.cxd4 Bb4+ 12.Bd2 Qa5 13.Bg2 b6 14.Rc1 Ndb8 15.O-O h5 16.h3 hxg4
17.hxg4 Bxd2 18.Nxd2 Rh4 19.Kf2 Ba6 20.Kg3 Rh6 21.Nf3 Nb4 22.Qd2 N8c6 23.Rh1 Rxh1
24.Rxh1 O-O-O 25.Rh7 Nxa2 26.Qxa2 Bxe2 27.Qc2 Kb7 28.Rh1 Bxf3 29.Bxf3 Nxd4
30.Qd3 Nxf3  0-1

[Event "Alushta-100"]
[Site "Alushta UKR"]
[Date "2002.04.19"]
[Round "?"]
[White "Karjakin,Sergey"]
[Black "Zubov,A UKR"]
[Result "0-1"]
[WhiteElo "2489"]
[BlackElo "2478"]

1.e4 e6 2.d4 d5 3.Nc3 Nf6 4.e5 Nfd7 5.f4 c5 6.Nf3 Nc6 7.Be3 cxd4 8.Nxd4 Bc5
9.Qd2 a6 10.O-O-O Nxd4 11.Bxd4 Bxd4 12.Qxd4 b5 13.h4 Qb6 14.a3 Qxd4 15.Rxd4 Bb7
16.Be2 Ke7 17.Rh3 h6 18.h5 g5 19.hxg6 fxg6 20.Re3 Nb8 21.Rd1 Nc6 22.Rh3 Raf8
23.g3 g5 24.Rf1 d4 25.Nd1 Na5 26.fxg5 hxg5 27.Rxf8 Rxh3 28.Rg8 Rh2 29.b4 Rxe2
30.bxa5 Be4 31.Rc8 Rg2 32.Nb2 Kd7 33.Rc5 Rxg3 34.a4 Rc3 35.Rxc3 dxc3 36.Nd1 b4
37.Ne3 Bf3 38.Nf1 Kc6  0-1

[Event "OUCC Open"]
[Site "Oxford ENG"]
[Date "2002.04.27"]
[Round "2"]
[White "Lappage,J"]
[Black "Summerscale,A"]
[Result "0-1"]
[WhiteElo "2189"]
[BlackElo "2503"]

1.e4 e6 2.Nc3 d5 3.d4 Nf6 4.e5 Nfd7 5.f4 c5 6.Nf3 Nc6 7.Be3 a6 8.Qd2 b5 9.dxc5 Bxc5
10.Bxc5 Nxc5 11.Qf2 Qb6 12.Bd3 b4 13.Ne2 a5 14.Ned4 Ba6 15.Rd1 Nxd4 16.Nxd4 O-O
17.O-O a4 18.Qe3 a3 19.b3 Ne4 20.Kh1 Nc3 21.Ra1 Bxd3 22.Qxd3 Rfc8 23.g3 Ne4
24.Kg2 Rc3 25.Qd1 Rac8 26.Rf3 Qc5 27.Rd3 g6 28.Rc1 Qb6 29.Kf1 Qa6 30.Ne2 Qb6
31.Nd4 Rxd3 32.Qxd3 Rc3 33.Qd1 Re3 34.Ra1 Nc3 35.Qd2 Re4 36.Nf3 Re2  0-1

[Event "ch-UKR"]
[Site "Alushta UKR"]
[Date "2002.05.06"]
[Round "4"]
[White "Sharapov,E"]
[Black "Sumets,A"]
[Result "0-1"]
[WhiteElo "2370"]
[BlackElo "2459"]

1.e4 e6 2.d4 d5 3.Nc3 Nf6 4.e5 Nfd7 5.f4 c5 6.Nf3 Nc6 7.Be3 cxd4 8.Nxd4 Bc5
9.Qd2 O-O 10.O-O-O a6 11.h4 Nxd4 12.Bxd4 b5 13.Kb1 b4 14.Na4 Bxd4 15.Qxd4 a5
16.Rh3 Ba6 17.Bxa6 Rxa6 18.f5 Qc7 19.Re3 Rc8 20.c3 Rc6 21.b3 Nc5 22.Nxc5 Rxc5
23.fxe6 fxe6 24.Rdd3 bxc3 25.Kc2 Qb6 26.Rf3 Qb4 27.a4 Rc4 28.Qa7 Rb8 29.Rxc3 Qxb3+
30.Kd2 Qb2+ 31.Ke1 Qb1+ 32.Kf2  0-1

[Event "Capablanca Mem Premier II"]
[Site "Havana CUB"]
[Date "2002.05.06"]
[Round "11"]
[White "Herrera,I"]
[Black "Herraiz Hidalgo,H"]
[Result "1/2-1/2"]
[WhiteElo "2474"]
[BlackElo "2456"]

1.e4 e6 2.d4 d5 3.Nc3 Nf6 4.e5 Nfd7 5.f4 c5 6.Nf3 Nc6 7.Be3 a6 8.Qd2 b5 9.dxc5 Bxc5
10.Bxc5 Nxc5 11.Qf2 Qb6 12.Bd3 Rb8 13.O-O Na4 14.Qxb6 Rxb6 15.Nxa4 bxa4 16.b3 Bd7
17.Rab1 Ke7  1/2-1/2

[Event "XI MKD-Cup"]
[Site "Stip MKD"]
[Date "2002.05.11"]
[Round "4"]
[White "Gicev,B"]
[Black "Nikoloski,K"]
[Result "1/2-1/2"]
[WhiteElo "2344"]
[BlackElo "2135"]

1.e4 e6 2.d4 d5 3.Nc3 Nf6 4.e5 Nfd7 5.f4 c5 6.Nf3 Nc6 7.Be3 a6 8.Qd2 cxd4
9.Nxd4 Bc5 10.O-O-O O-O 11.h4 Nxd4 12.Bxd4 b5 13.h5 b4 14.Na4 Bxd4 15.Qxd4 a5
16.Kb1 Qc7 17.Bb5 Rb8 18.c4 bxc3 19.Nxc3 Nc5 20.h6 g6 21.Rc1 Rd8 22.Rhd1 Qb6
23.f5 Ba6 24.Rc2 Bxb5 25.Nxb5 Ne4 26.Qxb6 Rxb6 27.Na7 gxf5 28.Nc6 Ra8 29.Nxa5 f6
30.Nc6 Kf7 31.Rdc1 Kg6 32.exf6 Kxh6 33.Nd4 Rab8 34.b3 Nd6 35.Rc6 e5 36.Nb5 Rxc6
37.Rxc6 Rxb5 38.Rxd6 Kg5 39.Kb2 d4 40.a4 Ra5 41.Ka3 Rc5 42.b4 Rc3+ 43.Kb2 Rc4
44.Kb3 Rc3+ 45.Kb2 Rc4 46.Kb3 Rc3+  1/2-1/2

[Event "Capablanca Mem Premier II"]
[Site "Havana CUB"]
[Date "2002.05.13"]
[Round "7"]
[White "Herrera,I"]
[Black "Gunnarsson,J"]
[Result "1-0"]
[WhiteElo "2474"]
[BlackElo "2396"]

1.e4 e6 2.d4 d5 3.Nc3 Nf6 4.e5 Nfd7 5.Nce2 c5 6.c3 Nc6 7.f4 f6 8.Nf3 cxd4
9.Nexd4 Nxd4 10.cxd4 Bb4+ 11.Bd2 Qb6 12.Bxb4 Qxb4+ 13.Qd2 Qxd2+ 14.Kxd2 fxe5
15.fxe5 Nb6 16.b3 Bd7 17.Rc1 Ke7 18.Bd3 a5 19.a4 Bc6 20.Rhf1 Raf8 21.Rc5 Nc8
22.Ke3 Kd7 23.h4 b6 24.Rcc1 Ne7 25.Ng5 h6 26.Nf7 Rhg8 27.Bh7 g6 28.Bxg8 Rxg8
29.g4 h5 30.Nd6 Rg7 31.gxh5 gxh5  1-0

[Event "JCh-TUR"]
[Site "Kocaeli TUR"]
[Date "2002.05.16"]
[Round "4"]
[White "Yarligan,T"]
[Black "Isik,E"]
[Result "0-1"]
[WhiteElo "2130"]
[BlackElo "2054"]

1.e4 e6 2.d4 d5 3.Nc3 Nf6 4.e5 Nfd7 5.Nce2 c5 6.c3 Nc6 7.f4 a6 8.Nf3 b5 9.a3 Be7
10.g3 cxd4 11.Nexd4 Nxd4 12.cxd4 Nb6 13.Bd3 Bd7 14.O-O Rc8 15.Qe2 Rc6 16.h4 h5
17.Ng5 Nc4 18.f5 Bxg5 19.Bxg5 Qb6 20.Be3 exf5 21.Bxf5 Bxf5 22.Rxf5 Nxe3 23.Qxe3 Rc4
24.Rf4 O-O 25.Raf1 Qe6 26.Qf3 Rc2 27.Rf5 Rxb2 28.Qxh5 Rd2 29.Qg4 Rc8 30.Qf4 Rcc2
31.g4 Qh6 32.g5 Qh5 33.e6 fxe6 34.g6 Rg2+  0-1

[Event "4th Borowski GMB"]
[Site "Essen GER"]
[Date "2002.05.17"]
[Round "2"]
[White "Tischbierek,R"]
[Black "De Gleria,F"]
[Result "1-0"]
[WhiteElo "2540"]
[BlackElo "2419"]

1.e4 e6 2.d4 d5 3.Nc3 Nf6 4.e5 Nfd7 5.f4 c5 6.Nf3 Nc6 7.Be3 a6 8.Qd2 g6 9.O-O-O c4
10.Bxc4 dxc4 11.d5 exd5 12.Qxd5 Bh6 13.h4 O-O 14.h5 Ne7 15.Qxc4 Nf5 16.Bf2 Bg7
17.hxg6 hxg6 18.g4 Nh6 19.Nd5 b5 20.Qc6 Rb8 21.Qd6 Re8 22.Bh4 Qa5 23.Ne7+ Kh7
24.Ng5+ Kh8 25.Nxf7+  1-0

[Event "Elekes Mem GM"]
[Site "Budapest HUN"]
[Date "2002.05.18"]
[Round "1"]
[White "Fogarasi,T"]
[Black "Almasi,I"]
[Result "1-0"]
[WhiteElo "2445"]
[BlackElo "2437"]

1.e4 e6 2.d4 d5 3.Nc3 Nf6 4.e5 Nfd7 5.f4 c5 6.Nf3 Nc6 7.Be3 cxd4 8.Nxd4 Bc5
9.Qd2 O-O 10.O-O-O a6 11.Kb1 Nxd4 12.Bxd4 b5 13.Ne2 a5 14.Qe3 Qc7 15.Bxc5 Qxc5
16.Nd4 b4 17.g4 Ba6 18.f5 Kh8 19.Bxa6 Rxa6 20.Rhf1 Re8 21.f6 gxf6 22.exf6 e5
23.g5 Rg8 24.Qd3 Ra7 25.Nb5 Rb7 26.Qxd5 Qxd5 27.Rxd5 Rxg5 28.b3 Rg6 29.Nd6 Rxf6
30.Rfd1 Ra7 31.Nb5 Rb7 32.Nd6 Ra7 33.Nc4 Nb6 34.Rd8+ Kg7 35.Rg1+ Kh6 36.Rd3  1-0

[Event "KNSB-beker"]
[Site "Hengelo NED"]
[Date "2002.05.18"]
[Round "1"]
[White "Van Delft,M"]
[Black "Bertholee,R"]
[Result "0-1"]
[WhiteElo "2342"]
[BlackElo "2380"]

1.e4 e6 2.d4 d5 3.Nc3 Nf6 4.e5 Nfd7 5.f4 c5 6.Nf3 a6 7.Be3 Qb6 8.Na4 Qa5+
9.c3 cxd4 10.b4 Qc7 11.Qxd4 Nc6 12.Qd2 b5 13.Nb2 f6 14.exf6 Nxf6 15.Bd3 Bd6
16.O-O e5 17.fxe5 Nxe5 18.Nxe5 Bxe5 19.Bd4 O-O 20.Bxe5 Qxe5 21.Rae1 Qc7 22.a4 Bb7
23.axb5 Ng4 24.g3 Qb6+ 25.Kg2 Rxf1 26.Bxf1 d4+ 27.Kh3 dxc3  0-1

[Event "ch-LTU"]
[Site "Vilnius LTU"]
[Date "2002.05.21"]
[Round "6"]
[White "Piesina,G"]
[Black "Sarakauskas,G"]
[Result "0-1"]
[WhiteElo "2411"]
[BlackElo "2388"]

1.e4 e6 2.d4 d5 3.Nc3 Nf6 4.e5 Nfd7 5.f4 c5 6.Nf3 Nc6 7.Be3 a6 8.a3 Be7 9.dxc5 Nxc5
10.g3 O-O 11.Bg2 Na5 12.Rb1 Nc4 13.Bd4 Bd7 14.O-O Bc6 15.Qe2 b5 16.Rfd1 a5
17.Qf2 Nd7 18.Ne2 f6 19.exf6 gxf6 20.b3 Nxa3 21.Bh3 e5 22.Be6+ Kh8 23.Bxd7 Bxd7
24.fxe5 Nxb1 25.Rxb1 Bg4 26.Rf1 fxe5 27.Bxe5+ Bf6 28.Qd4 Bxe5 29.Qxg4 Qf6
30.h4 a4 31.Kh2 a3 32.Qh5 Qg7 33.Nxe5 Rxf1 34.Nf4 Rxf4 35.gxf4 Rf8  0-1

[Event "Guillermo Garcia ALFIL"]
[Site "Santa Clara CUB"]
[Date "2002.05.23"]
[Round "5"]
[White "Herrera,I"]
[Black "Gunnarsson,J"]
[Result "1-0"]
[WhiteElo "2474"]
[BlackElo "2396"]

1.e4 e6 2.d4 d5 3.Nc3 Nf6 4.e5 Nfd7 5.Nce2 c5 6.c3 Nc6 7.f4 Qb6 8.Nf3 a5
9.g3 cxd4 10.Nexd4 Nxd4 11.cxd4 Bb4+ 12.Kf2 Be7 13.Bd3 Nb8 14.Qe2 Nc6 15.Be3 Bd7
16.a3 a4 17.Rac1 Na5 18.Kg2 Nb3 19.Rc3 Rc8 20.Rxc8+ Bxc8 21.h4 h5 22.Qc2 Bd7
23.f5 exf5 24.Bxf5 Bxf5 25.Qxf5 Qe6 26.Qd3 O-O 27.Bg5 g6 28.Rf1 Re8 29.Bxe7 Rxe7
30.Qb5 Qc6 31.Qb4 Rc7 32.Ng5 Qe8 33.Rf2 Kg7 34.Qd6 Qc6 35.Qb4 Qc4 36.Qxc4 dxc4
37.e6 Nxd4 38.exf7 Re7 39.Rd2 Ne6  1-0

[Event "Guillermo Garcia TORRE"]
[Site "Santa Clara CUB"]
[Date "2002.05.25"]
[Round "7"]
[White "Garcia Martinez,S"]
[Black "Marzolo,C"]
[Result "1/2-1/2"]
[WhiteElo "2395"]
[BlackElo "2405"]

1.e4 e6 2.d4 d5 3.Nc3 Nf6 4.e5 Nfd7 5.f4 c5 6.Nf3 a6 7.Be3 Qb6 8.Na4 Qa5+
9.c3 cxd4 10.b4 Qc7 11.Qxd4 Nc6 12.Qd2 b5 13.Nb2 f6 14.Nd4 Nxd4 15.cxd4 Be7
16.Rc1 Qb8 17.Nd3  1/2-1/2

[Event "Open A"]
[Site "Ostrava CZE"]
[Date "2002.05.26"]
[Round "10"]
[White "Smetana,J"]
[Black "Dvorak,V"]
[Result "1-0"]
[WhiteElo "2112"]
[BlackElo "2090"]

1.e4 e6 2.d4 d5 3.Nc3 Nf6 4.e5 Nfd7 5.f4 c5 6.Nce2 Nc6 7.Nf3 Be7 8.c3 O-O
9.g3 b6 10.Bh3 Re8 11.O-O Nf8 12.Kh1 f5 13.g4 g6 14.Rg1 Kh8 15.Ng5 Bxg5 16.fxg5 cxd4
17.cxd4 Bd7 18.Bd2 Rc8 19.Rc1 Re7 20.gxf5 exf5 21.Nf4 Be6 22.Bc3 Rec7 23.Bf1 Kg8
24.Ba6 Rb8 25.a4 Bc8 26.Bd3 Ne6 27.Nxe6 Bxe6 28.h4 Bc8 29.Rc2 Bb7 30.Re2 Re7
31.Qe1 Re6 32.Qg3 Qe7 33.Rge1 Re8 34.Kh2 Kg7 35.Qf4 Rh8 36.Kg3 Nd8 37.h5 h6
38.hxg6 Rxg6 39.Rg1 Qxg5+ 40.Qxg5 Rxg5+ 41.Kh2 Kf7 42.Rgg2 Ne6 43.Ref2 f4
44.Bd2 Rhg8 45.Bf1 Ke7 46.Bxf4 Rxg2+ 47.Bxg2 Nxd4 48.Bg3 Rc8 49.Bh4+ Ke8
50.Bf1 a6 51.Bd3 Rc6 52.Rf4 Nb3 53.Be2 Bc8 54.Bh5+ Kd7 55.Rf7+ Ke6 56.Rf6+  1-0

[Event "13th Open"]
[Site "Ljubljana SLO"]
[Date "2002.06.29"]
[Round "8"]
[White "Podkriznik,G"]
[Black "Soln,P"]
[Result "0-1"]
[WhiteElo "2299"]
[BlackElo "2419"]

1.e4 e6 2.d4 d5 3.Nc3 Nf6 4.e5 Nfd7 5.f4 c5 6.Nf3 Qb6 7.Na4 Qa5+ 8.c3 cxd4
9.b4 Qc7 10.Nxd4 b6 11.Bd2 Ba6 12.Bxa6 Nxa6 13.Qe2 Nab8 14.f5 Qxe5 15.fxe6 Qxe2+
16.Kxe2 Nf6 17.Rhf1 Be7 18.Rae1 O-O 19.Nf5 fxe6 20.Nxe7+ Kf7 21.Nxd5 exd5
22.Kd3 Nd7 23.c4 dxc4+ 24.Kxc4 Rfd8 25.Bc3 Rac8+ 26.Kb3 b5 27.Nb2 Nb6 28.Rf3 Nd5
29.Bxf6 gxf6 30.Rd1 Rc7 31.Rfd3 Rdc8 32.a4 Rc3+ 33.Rxc3 Rxc3+ 34.Ka2 Nxb4+
35.Kb1 bxa4 36.Nxa4 Rb3+ 37.Kc1 Ra3 38.Nb2 a5 39.Rd7+ Kg6 40.Ra7 Ra1+ 41.Kd2 Rg1
42.Rxa5 Rxg2+ 43.Kc3 Nc6 44.Ra6 Ne5 45.h4 h5 46.Nd1 Rg4 47.Kd2 Rxh4 48.Ke2 Rh2+
49.Ke3 Ng4+ 50.Kf4 Rh3 51.Rb6 Ne5 52.Ra6 Rf3+ 53.Ke4 Kg5 54.Ra8 Rf4+ 55.Ke3 Ng4+
56.Ke2 f5 57.Rg8+ Kh4 58.Rh8 Re4+ 59.Kd3 Re6 60.Kd2 f4  0-1

[Event "II Open"]
[Site "St Chely d'Aubrac FRA"]
[Date "2002.07.03"]
[Round "7"]
[White "Apicella,M"]
[Black "Cosma,I"]
[Result "1/2-1/2"]
[WhiteElo "2513"]
[BlackElo "2463"]

1.e4 e6 2.d4 d5 3.Nc3 Nf6 4.e5 Nfd7 5.Nce2 c5 6.c3 cxd4 7.cxd4 f6 8.exf6 Nxf6
9.Nf3 Nc6 10.Ng3 Bd6 11.Bd3 Bd7 12.O-O Qb6 13.a3 O-O-O 14.b4 Kb8 15.Ne2 h6
16.b5 Na5 17.Ne5 Be8 18.Bd2 Rc8 19.a4 g5 20.Rb1 Nc4 21.a5 Qd8 22.Bc3 Ka8
23.Qb3 Bxe5 24.dxe5 Nd7 25.Bxc4 Rxc4 26.Bd4 Bg6 27.Rbc1 Qc8 28.Qe3 a6 29.bxa6 bxa6
30.Rxc4 dxc4 31.f4 g4 32.Ng3 Bd3 33.Rc1 Nb8 34.Ne4 Qb7 35.Nd6 Qd5 36.Bc3 h5
37.Qb6 h4 38.Bd4 Rh7 39.Qb2 h3  1/2-1/2

[Event "23rd Open"]
[Site "Bled SLO"]
[Date "2002.07.07"]
[Round "6"]
[White "Bratovic,B"]
[Black "Sebenik,M"]
[Result "0-1"]
[WhiteElo "2277"]
[BlackElo "2380"]

1.e4 e6 2.d4 d5 3.Nc3 Nf6 4.e5 Nfd7 5.f4 c5 6.Nf3 Nc6 7.Be3 a6 8.Qd2 cxd4
9.Nxd4 Bc5 10.O-O-O Nxd4 11.Bxd4 O-O 12.h4 b5 13.Rh3 b4 14.Na4 Bxd4 15.Qxd4 a5
16.Bb5 Rb8 17.Bd3 Bb7 18.f5 Qc7 19.Re1 Bc6 20.Nc5 Nxc5 21.Qxc5 Rfc8 22.f6 Bb5
23.Qxc7 Rxc7 24.Bxb5 Rxb5 25.Rg3 g6 26.h5 Rbc5 27.Re2 d4 28.Rd3 Rd7 29.Re4 h6
30.g4 Rdd5 31.hxg6 fxg6 32.Rh3 d3 33.Rxh6 d2+ 34.Kd1 Rxc2  0-1

[Event "XX Open"]
[Site "Andorra la Vella AND"]
[Date "2002.07.08"]
[Round "3"]
[White "Arizmendi Martinez,J"]
[Black "Caselas Cabanas,J"]
[Result "1-0"]
[WhiteElo "2503"]
[BlackElo "2356"]

1.e4 e6 2.d4 d5 3.Nc3 Nf6 4.e5 Nfd7 5.f4 c5 6.Nf3 Nc6 7.Be3 cxd4 8.Nxd4 Bc5
9.Qd2 O-O 10.O-O-O a6 11.Kb1 Qe7 12.h4 Nxd4 13.Bxd4 b5 14.Rh3 b4 15.Na4 Bxd4
16.Qxd4 a5 17.h5 Rb8 18.Re3 Bb7 19.Bb5 Ba8 20.Bxd7 Qxd7 21.Nb6 Qc7 22.Nxa8 Rxa8
23.h6 Rfc8 24.Rd2 g6 25.g4 Ra6 26.Red3 Rc6 27.Qf2 a4 28.Re2 Rc4 29.Red2 Rb8
30.Qe3 Re4 31.Qf2 Rc4 32.Qe3 Ra8 33.Rd4 Rc8 34.Rxc4 Qxc4 35.Qd4 Qf1+ 36.Rd1 Qe2
37.Rc1 b3 38.cxb3 axb3 39.axb3 Rxc1+ 40.Kxc1 Qxg4 41.b4 Qh3 42.Kc2 Qxh6 43.b5 Qf8
44.b6 Qc8+ 45.Qc3 Qa6 46.Qc7 Qe2+ 47.Kc3 Qe1+ 48.Kb3 Qa5 49.Qc6 Qa6 50.Kb4 d4
51.Qd6 d3 52.Kc3 Qb5 53.b4 d2  1-0

[Event "Dutch Open"]
[Site "Dieren NED"]
[Date "2002.07.09"]
[Round "1"]
[White "Nijboer,F"]
[Black "Boersma,J"]
[Result "1-0"]
[WhiteElo "2567"]
[BlackElo "2230"]

1.e4 e6 2.d4 d5 3.Nc3 Nf6 4.e5 Nfd7 5.f4 c5 6.Nf3 Nc6 7.Be3 a6 8.Qd2 b5 9.Be2 cxd4
10.Nxd4 Nxd4 11.Bxd4 Bc5 12.Bxc5 Nxc5 13.Qd4 Qb6 14.b4 Na4 15.Qxb6 Nxb6 16.a4 bxa4
17.Nxa4 Nxa4 18.Rxa4 Bb7 19.Kd2 Kd7 20.Rha1 Rhb8 21.Kc3 Rc8+ 22.Kb3 Rc6 23.Bb5 axb5
24.Rxa8 Bxa8 25.Rxa8 Rc7 26.Rh8 h6 27.Rh7 Rc4 28.g3 Re4 29.Rxg7 Re3+ 30.Kb2 Ke7
31.Rh7 Re4 32.Kc3 Rc4+ 33.Kb3 d4 34.Rxh6 Rc3+ 35.Kb2 Rc4 36.Rh8 Rxb4+ 37.Kc1 Ra4
38.h4 Ra3 39.Rg8 d3 40.cxd3 Rxd3 41.h5 Rf3 42.h6 Rf1+ 43.Kd2 Rh1 44.Rh8 b4
45.h7 b3 46.Kc3 Rh3 47.Kb2 Kd7 48.g4 Ke7 49.g5 Rh2+ 50.Kc3 Rh3+ 51.Kb2 Rh2+
52.Kxb3 Rh3+ 53.Kb4  1-0

[Event "XX Open"]
[Site "Andorra la Vella AND"]
[Date "2002.07.10"]
[Round "5"]
[White "Jorge Bort,E"]
[Black "Jeremic,V"]
[Result "0-1"]
[WhiteElo "2168"]
[BlackElo "2482"]

1.e4 e6 2.d4 d5 3.Nc3 Nf6 4.e5 Nfd7 5.f4 c5 6.Nf3 Nc6 7.Be3 a6 8.Qd2 b5 9.Ne2 b4
10.Ng3 Qb6 11.Be2 cxd4 12.Nxd4 Bc5 13.c3 a5 14.O-O Ba6 15.Rae1 O-O 16.Bxa6 Rxa6
17.Nxc6 Qxc6 18.Bxc5 Qxc5+ 19.Kh1 bxc3 20.bxc3 Rc6 21.Rf3 g6 22.f5 exf5 23.Qh6 Re8
24.h4 Rxe5 25.Rb1 Qf8 26.Qd2 Rc4 27.h5 Rh4+ 28.Kg1 Qc5+ 29.Kf1 Qc4+ 30.Kg1 f4
31.Qd4 fxg3 32.Rb8+ Nxb8 33.Qxe5 Qc5+ 34.Kf1 Qb5+ 35.Ke1 Re4+  0-1

[Event "Dutch Open"]
[Site "Dieren NED"]
[Date "2002.07.11"]
[Round "3"]
[White "Van der Weide,K"]
[Black "Leenhouts,K"]
[Result "1-0"]
[WhiteElo "2403"]
[BlackElo "2222"]

1.e4 e6 2.d4 d5 3.Nc3 Nf6 4.e5 Nfd7 5.f4 c5 6.Nf3 Nc6 7.Be3 cxd4 8.Nxd4 Bc5
9.Qd2 O-O 10.O-O-O a6 11.h4 Nxd4 12.Bxd4 Qc7 13.Rh3 b5 14.Re3 f6 15.exf6 Nxf6
16.Bxc5 Qxc5 17.Qd4 Qxd4 18.Rxd4 Bd7 19.g3 Rae8 20.Be2 Rf7 21.b4 Bc6 22.Kb2 Rb7
23.Bf3 Rbe7 24.a4 bxa4 25.Be2 Ra7 26.Ka3 Kf7 27.Nxa4 Bxa4 28.Kxa4 Ne4 29.c4 Nd6
30.cxd5 Nf5 31.dxe6+ Ke7 32.Rd7+ Rxd7 33.exd7+ Kxd7 34.Rxe8 Kxe8 35.g4 Nxh4
36.Ka5 Ng2 37.f5 Ne3 38.Kxa6 h5 39.b5 Nd5 40.b6 Nxb6 41.Kxb6  1-0

[Event "3rd Stage Russian Cup"]
[Site "Tomsk RUS"]
[Date "2002.07.14"]
[Round "7"]
[White "Frolyanov,D"]
[Black "Salinnikov,D"]
[Result "1/2-1/2"]
[WhiteElo "2448"]
[BlackElo "2327"]

1.e4 e6 2.d4 d5 3.Nc3 Nf6 4.e5 Nfd7 5.f4 c5 6.Nf3 Nc6 7.Be3 Qb6 8.Na4 Qa5+
9.c3 c4 10.b4 Nxb4 11.cxb4 Bxb4+ 12.Kf2 b5 13.Nc5 Nxc5 14.dxc5 Bd7 15.Be2 Bc3
16.Bd2 Bxd2 17.Qxd2 Qxd2 18.Nxd2 Rc8 19.Ke3 Rxc5 20.Kd4 Rc7 21.a3 Ke7 22.Kc3 Rb7
23.Rab1 a5 24.Rb2 Rhb8 25.Rhb1 Kd8 26.Nf3 Kc7 27.Nd4 Kb6 28.Rxb5+ Bxb5 29.Rxb5+ Ka6
30.Rc5 Rb1 31.f5 R8b2 32.Rc7 Ra2 33.Rxc4 Rxe2 34.Rc6+ Kb7 35.fxe6 Rxe5 36.exf7 Rf1
37.Re6 Rh5 38.Re7+ Kb6 39.Ne6 Rxh2 40.f8=Q Rxf8 41.Nxf8 Rxg2 42.Nxh7 Kc5
43.Rc7+ Kb5 44.Nf8 Rg3+ 45.Kd4 Ka4 46.Ne6 Kxa3 47.Kxd5 a4 48.Nd4 Kb2 49.Rb7+ Ka2
50.Kc4 Rg4 51.Kc3 Rg3+ 52.Kd2 Rg2+ 53.Ne2 g5 54.Kd3 g4 55.Nc3+ Ka3 56.Rb1 Rb2
57.Ra1+ Kb3 58.Nxa4 Rg2 59.Nc5+ Kb4 60.Ne4 Kb5 61.Rc1 Rb2 62.Nc3+ Ka6 63.Rg1 Rb4
64.Ne4 Kb6 65.Rxg4 Kc6 66.Rg5 Rb2 67.Rc5+ Kd7 68.Kd4 Ke6 69.Re5+ Kf7 70.Rf5+ Kg7
71.Ra5 Rb4+ 72.Ke5 Kg6 73.Ra6+ Kg7 74.Ng3 Rb5+ 75.Kf4 Kf7 76.Nf5 Rb1 77.Ne3  1/2-1/2

[Event "TCh-POL Jun"]
[Site "Laczna POL"]
[Date "2002.07.16"]
[Round "2"]
[White "Luch,M"]
[Black "Olszewski,Mi"]
[Result "0-1"]
[WhiteElo "2309"]
[BlackElo "2161"]

1.e4 e6 2.d4 d5 3.Nc3 Nf6 4.e5 Nfd7 5.f4 c5 6.Nf3 Nc6 7.Be3 Qb6 8.Na4 Qa5+
9.c3 b6 10.a3 c4 11.b4 cxb3 12.Qxb3 Ba6 13.Nb2 Bxf1 14.Rxf1 Rc8 15.Kf2 Qa6
16.f5 Be7 17.g4 Na5 18.Qc2 Qb5 19.Kg3 Qb3 20.Rfc1 Qxc2 21.Rxc2 b5 22.Nd3 Nc4
23.Bg5 Bxg5 24.Nxg5 exf5 25.e6 fxe6 26.Nxe6 Kf7 27.gxf5 Ne3 28.Re2 Nxf5+
29.Kf4 Kf6 30.Ng5 g6 31.Re6+ Kg7 32.Ra6 h6 33.Ne6+ Kf7 34.Nec5 Nxc5 35.dxc5 Ne7
36.Rxa7 Kf6 37.Rb1 g5+ 38.Kf3 Ra8 39.Rxa8 Rxa8 40.Rxb5 Rxa3 41.Rb6+ Kg7 42.Re6 Ng6
43.Rd6 Rxc3 44.Rxd5 Nf4 45.Rd7+ Kf6 46.Ke4 Ne6 47.Rd6 h5 48.Rd5 Rc4+ 49.Kf3 h4
50.Ne5 Rc3+ 51.Rd3 Rc2 52.Ng4+ Ke7 53.Rd5 Rc3+  0-1

[Event "TCh-POL Jun"]
[Site "Laczna POL"]
[Date "2002.07.16"]
[Round "3"]
[White "Tomczak,J"]
[Black "Brodowski,P"]
[Result "1/2-1/2"]
[WhiteElo "2142"]
[BlackElo "2184"]

1.e4 e6 2.d4 d5 3.Nc3 Nf6 4.e5 Nfd7 5.f4 c5 6.Nf3 Nc6 7.Be3 a6 8.Qd2 cxd4
9.Nxd4 Bc5 10.O-O-O O-O 11.h4 Qc7 12.h5 b5 13.Nxc6 Qxc6 14.Bxc5 Nxc5 15.f5 Qc7
16.Re1 exf5 17.Nxd5 Qd8 18.h6 g6 19.Nf6+ Kh8 20.Qc3 Na4 21.Qb4 Be6 22.b3 Nb6
23.Rd1 Qc7 24.Qd6 Qc3 25.Kb1 Rac8 26.Bd3 Qc5 27.Qxc5 Rxc5 28.Rhe1 Rfc8 29.Rd2 Nd7
30.Nxd7 Bxd7 31.Bf1 Bc6 32.e6 fxe6 33.Rxe6 Be4 34.Red6 Kg8 35.Bd3 Bb7 36.Rb6 R8c7
37.Rf6 Rd5  1/2-1/2

[Event "TCh-POL Jun"]
[Site "Laczna POL"]
[Date "2002.07.16"]
[Round "3"]
[White "Owczarzak,J"]
[Black "Stopa,Ja"]
[Result "0-1"]
[WhiteElo "2294"]
[BlackElo "2237"]

1.e4 e6 2.d4 d5 3.Nc3 Nf6 4.e5 Nfd7 5.Nce2 c5 6.c3 cxd4 7.cxd4 f6 8.Nf4 Bb4+
9.Bd2 Qb6 10.Bxb4 Qxb4+ 11.Qd2 Qxd2+ 12.Kxd2 Ke7 13.exf6+ gxf6 14.Re1 Nb6
15.Nf3 Nc6 16.Bd3 Kd6 17.Nh5 Rf8 18.Bxh7 Rh8 19.Nxf6 Ke7 20.Nxd5+ Nxd5 21.Be4 Kd6
22.g4 Bd7 23.g5 Rag8 24.h4 Be8 25.Reg1 Bh5 26.Rg3 Bxf3 27.Rxf3 Rxg5 28.hxg5 Rxh1
29.Rf7 Rh4 30.f3 Rh2+ 31.Kd3 Nde7 32.Kc3 Rg2 33.g6 b6 34.Rf6 Nd5+ 35.Bxd5 Kxd5
36.f4 Rg3+ 37.Kd2 Nxd4 38.Rf7 Rxg6  0-1

[Event "XVIII Open"]
[Site "Ferrol ESP"]
[Date "2002.07.18"]
[Round "2"]
[White "Luther,T"]
[Black "Abella Vazquez,Ce"]
[Result "1-0"]
[WhiteElo "2551"]
[BlackElo "2115"]

1.e4 e6 2.d4 d5 3.Nc3 Nf6 4.e5 Nfd7 5.f4 c5 6.Nf3 Nc6 7.Be3 cxd4 8.Nxd4 Bc5
9.Qd2 O-O 10.O-O-O a6 11.Kb1 Nxd4 12.Bxd4 Qc7 13.Qe3 b5 14.Bd3 b4 15.Qh3 g6
16.Ne2 a5 17.Qe3 Ba6 18.h4 a4 19.h5 Bxd4 20.Nxd4 Nc5 21.Bxa6 Rxa6 22.Nb5 Qe7
23.Nd6 Rc6 24.g4 b3 25.cxb3 axb3 26.a3 Nb7 27.Nxb7 Qxb7 28.f5 d4 29.Qh6 Ra6
30.f6 Qe4+ 31.Ka1 Rxa3+ 32.bxa3 b2+ 33.Kxb2  1-0

[Event "TCh-POL Jun"]
[Site "Laczna POL"]
[Date "2002.07.18"]
[Round "6"]
[White "Warakomski,T"]
[Black "Olszewski,Mi"]
[Result "1-0"]
[WhiteElo "2124"]
[BlackElo "2161"]

1.e4 e6 2.d4 d5 3.Nc3 Nf6 4.e5 Nfd7 5.f4 c5 6.Nf3 Nc6 7.Be3 a6 8.Qd2 b5 9.g3 Qb6
10.Bg2 cxd4 11.Nxd4 Bc5 12.Nce2 b4 13.O-O O-O 14.Kh1 a5 15.Rad1 Ba6 16.Rfe1 a4
17.Bg1 Rfc8 18.Nxc6 Qxc6 19.Bxc5 Qxc5 20.Nd4 Nb6 21.b3 Bb5 22.f5 exf5 23.Nxf5 Bd7
24.Nd4 Bg4 25.Rc1 Re8 26.Qf4 Bd7 27.Rf1 Re7 28.Rce1 Rae8 29.Re2 h6 30.Rd2 Rxe5
31.Qxf7+ Kh7 32.Qf2 Qd6 33.Nf3 Re3 34.Nd4 Qe5 35.Nf3 Qh5 36.Rd3 Rxd3 37.cxd3 Nc8
38.Re1 Rf8 39.Ng5+ Qxg5 40.Qxf8 Qd2 41.Rf1 Qxd3 42.Qxb4 axb3 43.axb3 Bf5  1-0

[Event "Capital of Siberia Open"]
[Site "Novosibirsk RUS"]
[Date "2002.07.19"]
[Round "1"]
[White "Toropov,V"]
[Black "Degterev,A"]
[Result "0-1"]
[WhiteElo "2096"]
[BlackElo "2316"]

1.e4 e6 2.d4 d5 3.Nc3 Nf6 4.e5 Nfd7 5.f4 c5 6.Qg4 cxd4 7.Nb5 Qb6 8.Nf3 Nc6
9.Bd2 g6 10.a4 Bc5 11.a5 Qd8 12.Bd3 a6 13.Na3 Qe7 14.h4 h5 15.Qg3 Bb4 16.Nb1 Nc5
17.O-O Ne4 18.Bxe4 dxe4 19.Ng5 e3 20.Be1 Bxe1 21.Qxe1 Qb4 22.Qe2 Kf8 23.Ne4 Qb5
24.c4 dxc3 25.Nbxc3 Qxe2 26.Nxe2 Ke7 27.Rf3 Rd8 28.Rxe3 Rd5 29.N2c3 Rxa5
30.Rd1 Nb4 31.Ng5 b6 32.Nce4 Nd5 33.Red3  0-1

[Event "TCh-POL Jun"]
[Site "Laczna POL"]
[Date "2002.07.22"]
[Round "10"]
[White "Zawadzka,J"]
[Black "Szymanska,M"]
[Result "1-0"]
[WhiteElo "2259"]
[BlackElo "2094"]

1.e4 e6 2.d4 d5 3.Nc3 Nf6 4.e5 Nfd7 5.f4 c5 6.Nf3 Nc6 7.Be3 a6 8.Qd2 b5 9.dxc5 Bxc5
10.Bxc5 Nxc5 11.Qf2 Qb6 12.Bd3 b4 13.Ne2 a5 14.O-O Ba6 15.Kh1 Ne7 16.Rad1 Na4
17.Qxb6 Nxb6 18.b3 O-O 19.Nfd4 Nd7 20.Kg1 Rfc8 21.Kf2 Nc5 22.Ke3 f6 23.Ng1 Kf7
24.Rf2 h6 25.Ngf3 Nc6 26.Nxc6 Rxc6 27.Nd4 Rc7 28.g4 Ke7 29.h4 fxe5 30.fxe5 Nd7
31.Re1 a4 32.g5 hxg5 33.hxg5 axb3 34.axb3 Bxd3 35.cxd3 Nxe5 36.Nxe6 Kxe6
37.Kd4 Kd6 38.Rxe5 Ra5 39.Rfe2 Rf7 40.Re6+ Kd7 41.Rb6 Rf4+ 42.Ke5 Rf3 43.Rc2 Rxd3
44.Rd6+ Ke7 45.Rc7+ Ke8 46.Rxg7 Re3+ 47.Kf6 Rf3+ 48.Kg6 Rc5 49.Rb6 Rc8 50.Re6+ Kf8
51.Rh7  1-0

[Event "Capital of Siberia Open"]
[Site "Novosibirsk RUS"]
[Date "2002.07.24"]
[Round "6"]
[White "Pavlov,O"]
[Black "Degterev,A"]
[Result "1/2-1/2"]
[WhiteElo "2154"]
[BlackElo "2316"]

1.e4 e6 2.d4 d5 3.Nc3 Nf6 4.e5 Nfd7 5.f4 c5 6.Nf3 Nc6 7.Be3 cxd4 8.Nxd4 Bc5
9.Qd2 O-O 10.O-O-O Nxd4 11.Bxd4 a6 12.Qe3 Qc7 13.Bd3 b5 14.Ne2 Bb7 15.Qh3 g6
16.Qg3 Bxd4 17.Nxd4 Nc5 18.h4 Ne4 19.Bxe4 dxe4 20.h5 Rac8 21.c3 Qe7 22.f5 exf5
23.Nxf5 Qe6 24.Nh6+ Kh8 25.hxg6 Qxg6 26.Qf4 f5 27.e6 Qxe6 28.Rd6 Qe8 29.Nxf5 Rc7
30.g4 Bc8 31.Qd2 Bxf5 32.Qd4+ Rg7 33.gxf5 Qf7 34.f6 Rg6 35.Rd7 Qg8 36.Rf1 Qc4
37.Rh1 Qxd4 38.Rhxh7+ Kg8 39.Rdg7+ Rxg7 40.Rxg7+ Kh8 41.cxd4 Rxf6 42.Re7 Rf1+
43.Kd2 Rf2+ 44.Kc3 Re2 45.d5 Kg8  1/2-1/2

[Event "Open A"]
[Site "Trier GER"]
[Date "2002.07.31"]
[Round "4"]
[White "Supplieth,P"]
[Black "Hack,T"]
[Result "1-0"]
[WhiteElo "2123"]
[BlackElo "2125"]

1.e4 e6 2.d4 d5 3.Nc3 Nf6 4.e5 Nfd7 5.f4 c5 6.Nf3 cxd4 7.Nxd4 Nc6 8.Be3 Nxd4
9.Bxd4 Qa5 10.a3 a6 11.Be2 Qc7 12.b4 Be7 13.O-O Nb6 14.Bd3 g6 15.Qe1 Bd7
16.Qf2 Na4 17.Nd1 Bb5 18.Qe2 Qd7 19.Ne3 Bxd3 20.Qxd3 Qb5 21.Rac1 Qxd3 22.cxd3 Kd7
23.g4 h5 24.f5 gxf5 25.gxf5 Rhg8+ 26.Kf2 Rac8 27.f6 Rxc1 28.Rxc1 Bd8 29.Rg1 Rxg1
30.Kxg1 Bb6 31.Bxb6 Nxb6 32.Kf2 d4 33.Nc2 Kc6 34.Nxd4+ Kd5 35.Nf3 Nd7 36.d4 Ke4
37.Ng5+ Kxd4 38.Nxf7  1-0